000 00991nam a22002657a 4500
999 _c21877
_d21877
003 AR-CdUCM
008 190425b ||||| |||| 00| 0 spa d
040 _aMUNICIPALIDAD PROVINCIAL DEL CUSCO
_cBIBLIOTECA MUNICIPAL DEL CUSCO
082 _aRev.AHC/N°6/1955
110 _aArchivo Regional del Cusco
_946600
245 _aRevista del Archivo Histórico del Cuzco /
_cUniversidad Nacional del Cuzco
260 _aCusco :
_bH.G. rozas,
_c1955.
300 _a434 páginas. :
_c21 cm.
440 _aRevista del Archivo Histórico.
_nAño VI, 1955, N°6.
_946616
505 _aContenido: Pumacahua la revolución del Cuzco de 1814. Jorge Cornejo Bouroncle.
650 _aDocumentos históricos
_91122
650 _aPatrimonio documental
_944090
650 _aHistoria del Cusco
_91714
650 _aLevantamientos andinos
_944095
650 _aHermanos Angulo
_93833
650 _aAguilar y Ubalde
_946617
700 _aCornejo Bouroncle, Jorge
_915278
942 _2ddc
_cPP
945 _arac